[Event "Charleroi op"]
[Site "Roux"]
[Date "2019.07.30"]
[Round "5"]
[White "Miezis, Normunds"]
[Black "Gijsen, Stief"]
[Result "1-0"]
[WhiteElo "2495"]
[BlackElo "2227"]
[PlyCount "93"]
[EventDate "2019.07.27"]
[EventType "swiss"]
[EventRounds "9"]
[EventCountry "BEL"]
[SourceTitle "CBM 191 Extra"]
[Source "ChessBase"]
[SourceDate "2019.09.30"]
[SourceVersion "1"]
[SourceVersionDate "2019.09.30"]
[SourceQuality "1"]

1. c4 e5 2. g3 Nf6 3. Bg2 d5 4. cxd5 Nxd5 5. Nc3 Nb6 6. Nf3 Nc6 7. Rb1 a5 8. 0-0 Be7 9. b3 0-0 10. Bb2 Bg4 11. d3 Qd7 12. Na4 Nxa4 13. bxa4 Qe6 14. Qb3 Qxb3 15. axb3 f6 16. Rfc1 Rac8 17. h3 Bh5 18. g4 Bf7 19. Nd2 Bb4 20. Nc4 Rcd8 21. Bxc6 bxc6 22. Bc3 Bxc4 23. Bxb4 Bxd3 24. Bxf8 Bxb1 25. Bxg7 Kxg7 26. Rxb1 Rb8 27. Kg2 Kg6 28. e3 f5 29. Kg3 fxg4 30. hxg4 c5 31. Rc1 Rb6 32. b4 Rxb4 33. Rc4 Rb3 34. Rxc5 Ra3 35. Rxe5 Rxa4 36. Rc5 Ra2 37. Rc6+ Kg7 38. Rxc7+ Kg6 39. f4 a4 40. f5+ Kh6 41. Ra7 a3 42. Kf4 Rf2+ 43. Ke5 a2 44. Kf6 Rg2 45. e4 a1Q+ 46. Rxa1 Rg1 47. g5+ 1-0

[Event "Charleroi op"]
[Site "Roux"]
[Date "2019.07.29"]
[Round "3"]
[White "Gijsen, Stief"]
[Black "Bruno, Ricardo"]
[Result "1-0"]
[WhiteElo "2227"]
[BlackElo "2007"]
[PlyCount "47"]
[EventDate "2019.07.27"]
[EventType "swiss"]
[EventRounds "9"]
[EventCountry "BEL"]
[SourceTitle "CBM 191 Extra"]
[Source "ChessBase"]
[SourceDate "2019.09.30"]
[SourceVersion "1"]
[SourceVersionDate "2019.09.30"]
[SourceQuality "1"]

1. e4 c5 2. Nf3 d6 3. Bb5+ Nc6 4. 0-0 Nf6 5. e5 dxe5 6. Nxe5 Qc7 7. Qf3 Qxe5 8. Bxc6+ Bd7 9. Bxd7+ Nxd7 10. Qxb7 Rb8 11. Qxa7 e6 12. Nc3 Bd6 13. g3 h5 14. d3 h4 15. Bf4 Qd4 16. Ne2 Qd5 17. Bxd6 Qxd6 18. d4 Qc6 19. Qa3 cxd4 20. Nxd4 Qe4 21. Rad1 hxg3 22. fxg3 Qh7 23. Rd2 Rc8 24. Qd6 1-0

[Event "Dortmund Sparkassen op-A 45th"]
[Site "Dortmund"]
[Date "2017.07.22"]
[Round "8"]
[White "Groneberg, Joerg"]
[Black "Gijsen, Stief"]
[Result "0-1"]
[WhiteElo "1973"]
[BlackElo "2194"]
[PlyCount "54"]
[EventDate "2017.07.15"]
[EventType "swiss"]
[EventRounds "9"]
[EventCountry "GER"]
[SourceTitle "CBM 179 Extra"]
[Source "ChessBase"]
[SourceDate "2017.08.23"]
[SourceVersion "1"]
[SourceVersionDate "2017.08.23"]
[SourceQuality "1"]

1. d4 Nf6 2. Nf3 c5 3. c4 g6 4. g3 Bg7 5. Bg2 0-0 6. Nc3 cxd4 7. Nxd4 Qc7 8. Nd5 Nxd5 9. cxd5 Qb6 10. Nb3 d6 11. 0-0 Qa6 12. Re1 Nd7 13. e4 Ne5 14. Be3 Qd3 15. Nd2 Qa6 16. Bd4 Bg4 17. f3 Bd7 18. Qb3 Rfc8 19. Bf1 Qa5 20. Be3 b5 21. Rac1 Rab8 22. a3 Nc4 23. Bxc4 bxc4 24. Qd1 Ba4 25. b4 cxb3 26. Rxc8+ Rxc8 27. Nxb3 Bxb3 0-1

[Event "Dortmund Sparkassen op-A 45th"]
[Site "Dortmund"]
[Date "2017.07.20"]
[Round "6"]
[White "Gijsen, Stief"]
[Black "Boesel, Alexander"]
[Result "1/2-1/2"]
[WhiteElo "2194"]
[BlackElo "1963"]
[PlyCount "167"]
[EventDate "2017.07.15"]
[EventType "swiss"]
[EventRounds "9"]
[EventCountry "GER"]
[SourceTitle "CBM 179 Extra"]
[Source "ChessBase"]
[SourceDate "2017.08.23"]
[SourceVersion "1"]
[SourceVersionDate "2017.08.23"]
[SourceQuality "1"]

1. e4 c5 2. Nf3 d6 3. Bb5+ Nd7 4. 0-0 a6 5. Bd3 e6 6. c3 b5 7. Bc2 Bb7 8. d4 cxd4 9. cxd4 e5 10. Qe2 Ngf6 11. a4 Be7 12. Bd2 0-0 13. Bc3 Qc7 14. axb5 axb5 15. Na3 Ba6 16. Bd3 Qb7 17. Bb4 Rfe8 18. Nxb5 exd4 19. Nfxd4 Ne5 20. Bxd6 Bxd6 21. Nxd6 Bxd3 22. Nxb7 Bxe2 23. Nxe2 Nxe4 24. Rxa8 Rxa8 25. Ng3 Nxg3 26. hxg3 Rb8 27. Nd6 Rxb2 28. Re1 Ng6 29. Re8+ Nf8 30. Re7 Rd2 31. Nxf7 Nd7 32. Ng5 Rd1+ 33. Kh2 Kf8 34. Rf7+ Kg8 35. Re7 Kf8 36. Re2 h6 37. Ne6+ Kf7 38. f3 Nf6 39. Nf4 Nd5 40. Nh3 Kf6 41. g4 Ra1 42. Kg3 Ra3 43. Rb2 Ra6 44. Rb5 Rd6 45. Rc5 Ne7 46. Nf4 g6 47. Nh3 Ra6 48. Nf2 Rb6 49. Ra5 Ke6 50. Ne4 Rc6 51. Ra8 Kf7 52. Rd8 Rb6 53. Kf4 Rc6 54. Rb8 Ra6 55. Rb7 Rc6 56. Ra7 Rb6 57. Ra8 Rc6 58. g5 hxg5+ 59. Kxg5 Rb6 60. Ra7 Rb5+ 61. Kg4 Rb6 62. Kf4 Rc6 63. Ke5 Re6+ 64. Kd4 Rb6 65. Nc3 Rd6+ 66. Ke5 Rd2 67. g4 Rd3 68. Rc7 Rd2 69. Ne4 Rd5+ 70. Kf4 Ra5 71. Nc5 Kf6 72. Nd7+ Ke6 73. Nf8+ Kf6 74. g5+ Kf7 75. Nxg6 Kxg6 76. Rxe7 Rf5+ 77. Ke4 Rxg5 78. f4 Ra5 79. Re6+ Kf7 80. Rb6 Rc5 81. Kf3 Ra5 82. Kg4 Rc5 83. f5 Rc1 84. Kf4 1/2-1/2

[Event "Charleroi op"]
[Site "Charleroi"]
[Date "2016.08.01"]
[Round "4"]
[White "Klinova, Masha"]
[Black "Gijsen, Stief"]
[Result "1/2-1/2"]
[WhiteElo "2301"]
[BlackElo "2144"]
[PlyCount "131"]
[EventDate "2016.07.30"]
[EventType "swiss"]
[EventRounds "9"]
[EventCountry "BEL"]
[SourceTitle "CBM 173 Extra"]
[Source "ChessBase"]
[SourceDate "2016.08.29"]
[SourceVersion "1"]
[SourceVersionDate "2016.08.29"]
[SourceQuality "1"]

1. e4 e5 2. Nf3 Nc6 3. Bc4 Nf6 4. d3 Be7 5. Nbd2 0-0 6. 0-0 d6 7. Bb3 Na5 8. Ba4 c5 9. c3 Nc6 10. h3 Qc7 11. Nc4 Be6 12. Ne3 h6 13. Nh2 d5 14. Nhg4 d4 15. Nf5 Bxf5 16. exf5 dxc3 17. bxc3 Rad8 18. Qe2 Nxg4 19. Qxg4 Kh8 20. Be3 Rxd3 21. Qe4 Rxc3 22. Bd2 Ra3 23. Bc1 Rxa4 24. Qxa4 Qd7 25. Be3 b6 26. Rad1 Qc7 27. Rd5 Rd8 28. Rfd1 Nd4 29. Rxd8+ Bxd8 30. Qe8+ Kh7 31. Bxd4 exd4 32. Qb5 Bf6 33. Qc4 Qd7 34. a4 Qe7 35. Kf1 Qd7 36. Kg1 Be5 37. g4 Bb8 38. f6 Qc7 39. Qd3+ g6 40. Qf3 Qh2+ 41. Kf1 Be5 42. Ke2 Qf4 43. Qxf4 Bxf4 44. Kd3 g5 45. Re1 Kg6 46. Re7 Kxf6 47. Rxa7 Ke6 48. Kc4 Bd2 49. Rb7 Ba5 50. Rb8 Kf6 51. Rc8 Ke5 52. Rf8 Kf6 53. f3 Kg6 54. Rc8 f6 55. Kd3 h5 56. Ke4 hxg4 57. hxg4 Kf7 58. Rb8 Ke6 59. Rc8 Kd7 60. Rf8 Ke7 61. Rh8 Kd6 62. Rh6 Ke7 63. Rh7+ Ke6 64. Rh8 Kd6 65. Rh7 Ke6 66. Rh6 1/2-1/2

[Event "BEL-ch op"]
[Site "Worriken Buetgenbach"]
[Date "2016.07.09"]
[Round "8.1"]
[White "Roos, Adrian"]
[Black "Gijsen, Stief"]
[Result "1-0"]
[WhiteElo "2283"]
[BlackElo "2175"]
[PlyCount "69"]
[EventDate "2016.07.03"]
[EventType "swiss"]
[EventRounds "9"]
[EventCountry "BEL"]
[SourceTitle "EXT 2024"]
[Source "ChessBase"]
[SourceDate "2023.10.10"]
[SourceVersion "1"]
[SourceVersionDate "2023.10.10"]
[SourceQuality "1"]

1. d4 Nf6 2. c4 g6 3. Nc3 d5 4. cxd5 Nxd5 5. e4 Nxc3 6. bxc3 Bg7 7. Bg5 c5 8. Rc1 0-0 9. Nf3 Bg4 10. d5 Qd6 11. Be2 Nd7 12. c4 a6 13. a4 Bxf3 14. Bxf3 b5 15. axb5 axb5 16. cxb5 Rfb8 17. Be2 Qe5 18. Be3 Qxe4 19. 0-0 Ra2 20. Rc4 Qe5 21. Bg4 Nb6 22. Rxc5 Rd8 23. Bf3 Rb2 24. Re1 Nd7 25. Rc6 Qb8 26. Be2 Be5 27. g3 Nf6 28. Bc4 Nxd5 29. Bxd5 e6 30. Qc1 exd5 31. Bf4 Qa7 32. b6 Qa2 33. Bxe5 Rxf2 34. Qh6 Rg2+ 35. Kh1 1-0

[Event "Vlissingen HZ op 19th"]
[Site "Vlissingen"]
[Date "2015.08.07"]
[Round "8"]
[White "Gijsen, Stief"]
[Black "Smeets, Pierre"]
[Result "1-0"]
[WhiteElo "2203"]
[BlackElo "2082"]
[PlyCount "43"]
[EventDate "2015.08.01"]
[EventType "swiss"]
[EventRounds "9"]
[EventCountry "NED"]
[SourceTitle "CBM 167 Extra"]
[Source "ChessBase"]
[SourceDate "2015.09.14"]
[SourceVersion "1"]
[SourceVersionDate "2015.09.14"]
[SourceQuality "1"]

1. d4 d5 2. c4 c6 3. Nf3 Nf6 4. Nc3 dxc4 5. a4 Bf5 6. Ne5 Nbd7 7. Nxc4 Nb6 8. Ne5 a5 9. g3 e6 10. Bg2 Bb4 11. 0-0 h6 12. e3 0-0 13. Qe2 Bh7 14. Rd1 Nfd5 15. Bd2 Be7 16. e4 Nb4 17. Be3 Kh8 18. d5 Qc7 19. d6 Bxd6 20. Bxb6 Qxb6 21. Nc4 Qc5 22. Nxd6 1-0

[Event "Maastricht Limburg op-A 8th"]
[Site "Maastricht"]
[Date "2014.06.09"]
[Round "7"]
[White "Gijsen, Stief"]
[Black "Dardha, Arben"]
[Result "0-1"]
[WhiteElo "2156"]
[BlackElo "2284"]
[PlyCount "42"]
[EventDate "2014.06.06"]
[EventType "swiss"]
[EventRounds "7"]
[EventCountry "NED"]
[SourceTitle "CBM 160 Extra"]
[Source "ChessBase"]
[SourceDate "2014.07.01"]
[SourceVersion "1"]
[SourceVersionDate "2014.07.01"]
[SourceQuality "1"]

1. d4 Nf6 2. c4 e6 3. Nc3 Bb4 4. e3 b6 5. Nge2 Ba6 6. a3 Be7 7. Ng3 d5 8. b3 0-0 9. Bd3 c5 10. Bb2 dxc4 11. bxc4 Nc6 12. Nce4 cxd4 13. exd4 Nxd4 14. Nh5 Nxh5 15. Qxh5 f5 16. Nc3 Bf6 17. 0-0 Rc8 18. Rad1 Qe8 19. Qh3 Bxc4 20. Rfe1 Bxd3 21. Rxd3 Qf7 0-1

[Event "Maastricht Limburg op-A 8th"]
[Site "Maastricht"]
[Date "2014.06.09"]
[Round "6"]
[White "Sadikhov, Ulvi Ramil Oglu"]
[Black "Gijsen, Stief"]
[Result "1-0"]
[WhiteElo "2337"]
[BlackElo "2156"]
[PlyCount "67"]
[EventDate "2014.06.06"]
[EventType "swiss"]
[EventRounds "7"]
[EventCountry "NED"]
[SourceTitle "CBM 160 Extra"]
[Source "ChessBase"]
[SourceDate "2014.07.01"]
[SourceVersion "1"]
[SourceVersionDate "2014.07.01"]
[SourceQuality "1"]

1. e4 e5 2. Nf3 Nc6 3. Bb5 a6 4. Ba4 Nf6 5. d3 Bc5 6. c3 d6 7. 0-0 0-0 8. h3 Ba7 9. Re1 Ne7 10. d4 Ng6 11. Bc2 h6 12. Nbd2 Nh5 13. Nf1 Nhf4 14. Ng3 Qf6 15. Nf5 Be6 16. Kh2 Rad8 17. Be3 c5 18. d5 Bxf5 19. exf5 Ne7 20. Bxf4 exf4 21. Qd2 c4 22. Re4 b5 23. Rxf4 Rc8 24. g4 b4 25. h4 bxc3 26. bxc3 Nxd5 27. Qxd5 Qxc3 28. Rc1 Qb2 29. Qd2 d5 30. Rb1 Qxa2 31. f6 Qa3 32. fxg7 Kxg7 33. Qxd5 Qc3 34. Qf5 1-0

[Event "Maastricht Limburg op-A 8th"]
[Site "Maastricht"]
[Date "2014.06.07"]
[Round "2"]
[White "Groffen, Hans"]
[Black "Gijsen, Stief"]
[Result "1/2-1/2"]
[WhiteElo "2190"]
[BlackElo "2156"]
[PlyCount "61"]
[EventDate "2014.06.06"]
[EventType "swiss"]
[EventRounds "7"]
[EventCountry "NED"]
[SourceTitle "CBM 160 Extra"]
[Source "ChessBase"]
[SourceDate "2014.07.01"]
[SourceVersion "1"]
[SourceVersionDate "2014.07.01"]
[SourceQuality "1"]

1. d4 Nf6 2. c4 g6 3. Nc3 d5 4. Nf3 Bg7 5. cxd5 Nxd5 6. e4 Nxc3 7. bxc3 c5 8. Be3 Qa5 9. Qd2 Nc6 10. Rc1 cxd4 11. cxd4 Qxd2+ 12. Kxd2 0-0 13. Bb5 f5 14. exf5 Bxf5 15. Bxc6 bxc6 16. Rxc6 Rab8 17. Ra1 Rfd8 18. Rc5 Rb2+ 19. Ke1 Be4 20. Ne5 Bxg2 21. a4 Bxe5 22. Rxe5 Kf7 23. Rc1 Rd7 24. Rc8 Rdb7 25. h4 Ra2 26. a5 Rb1+ 27. Rc1 Rbb2 28. Rc7 Ra1+ 29. Rc1 Raa2 30. Rc7 Ra1+ 31. Rc1 1/2-1/2

[Event "Maastricht Limburg op-A 8th"]
[Site "Maastricht"]
[Date "2014.06.06"]
[Round "1"]
[White "Gijsen, Stief"]
[Black "Mollema, Thomas"]
[Result "0-1"]
[WhiteElo "2156"]
[BlackElo "2059"]
[PlyCount "84"]
[EventDate "2014.06.06"]
[EventType "swiss"]
[EventRounds "7"]
[EventCountry "NED"]
[SourceTitle "CBM 160 Extra"]
[Source "ChessBase"]
[SourceDate "2014.07.01"]
[SourceVersion "1"]
[SourceVersionDate "2014.07.01"]
[SourceQuality "1"]

1. d4 f5 2. Bg5 h6 3. Bh4 g5 4. e3 Nf6 5. Bg3 Bg7 6. h4 g4 7. h5 c5 8. c3 Qb6 9. Qc2 Ne4 10. Bf4 Nc6 11. Na3 cxd4 12. Nc4 Qc5 13. exd4 Bxd4 14. cxd4 Nxd4 15. Qd3 Nb3 16. axb3 Qxf2+ 17. Kd1 Qxf4 18. Kc2 b5 19. Qd4 Qf2+ 20. Ne2 Qxd4 21. Nxd4 bxc4 22. bxc4 0-0 23. Bd3 Bb7 24. Rhe1 e6 25. b4 Nf6 26. Nb5 Bxg2 27. Nxa7 Rfb8 28. Kc3 Nxh5 29. c5 Nf4 30. b5 h5 31. c6 dxc6 32. bxc6 Rb6 33. Bc4 Bxc6 34. Bxe6+ Nxe6 35. Rxe6 Rb7 36. Rxc6 Raxa7 37. Rf1 Rc7 38. Rxc7 Rxc7+ 39. Kd2 g3 40. Ke3 g2 41. Rg1 Rg7 42. Kf3 Kh7 0-1

[Event "Geraardsbergen op"]
[Site "Geraardsbergen"]
[Date "2013.08.12"]
[Round "6"]
[White "Wiley, Tom E"]
[Black "Gijsen, Stief"]
[Result "1/2-1/2"]
[WhiteElo "2258"]
[BlackElo "2142"]
[PlyCount "75"]
[EventDate "2013.08.10"]
[EventType "swiss"]
[EventRounds "9"]
[EventCountry "BEL"]
[SourceTitle "CBM 155 Extra"]
[Source "ChessBase"]
[SourceDate "2013.08.26"]
[SourceVersion "1"]
[SourceVersionDate "2013.08.26"]
[SourceQuality "1"]

1. d4 Nf6 2. c4 c5 3. d5 b5 4. Nf3 g6 5. cxb5 a6 6. b6 d6 7. Nc3 Bg7 8. e4 Nbd7 9. a4 Qxb6 10. a5 Qc7 11. Be2 0-0 12. 0-0 Bb7 13. Nd2 e6 14. Nc4 Nxe4 15. Nxe4 exd5 16. Nexd6 Bc6 17. Bf4 dxc4 18. Bg3 Be5 19. Nxc4 Bxg3 20. hxg3 Rfd8 21. Qc1 Re8 22. Re1 Bb5 23. Qc3 Rad8 24. Bf1 Nb8 25. Nb6 Qc6 26. Rxe8+ Rxe8 27. Rc1 Bxf1 28. Kxf1 Qb5+ 29. Kg1 Nc6 30. Qxc5 Nxa5 31. Qxb5 axb5 32. Rc5 Rb8 33. Nd5 Nb3 34. Rc3 Nd4 35. Rd3 Ne6 36. Rb3 Nd4 37. Rd3 Ne6 38. Rb3 1/2-1/2

[Event "Vlissingen HZ op 17th"]
[Site "Vlissingen"]
[Date "2013.08.07"]
[Round "6"]
[White "Gijsen, Stief"]
[Black "Bekkink, Sereyo"]
[Result "1/2-1/2"]
[WhiteElo "2142"]
[BlackElo "1937"]
[PlyCount "70"]
[EventDate "2013.08.03"]
[EventType "swiss"]
[EventRounds "9"]
[EventCountry "NED"]
[SourceTitle "CBM 155 Extra"]
[Source "ChessBase"]
[SourceDate "2013.08.26"]
[SourceVersion "1"]
[SourceVersionDate "2013.08.26"]
[SourceQuality "1"]

1. d4 Nf6 2. Nc3 d5 3. Bg5 e6 4. e4 dxe4 5. Nxe4 Be7 6. Bxf6 Bxf6 7. Nf3 b6 8. Bb5+ c6 9. Bd3 Bxd4 10. Nxd4 Qxd4 11. Qh5 Ba6 12. 0-0-0 Bxd3 13. Rhe1 Qb4 14. Nf6+ Ke7 15. Ne4 Nd7 16. Qg5+ Nf6 17. cxd3 Rhg8 18. Kb1 Rad8 19. Qc1 Nxe4 20. Rxe4 Qb5 21. Rc4 Rd6 22. Qf4 Qh5 23. Re1 Rgd8 24. Qe4 c5 25. Rc3 Qxh2 26. Qg4 Qh6 27. Re3 Qf6 28. Rf3 Qh6 29. Kc2 Rd4 30. Qg3 R4d5 31. Rc4 Qg6 32. Rg4 Qh5 33. Rxg7 Rf8 34. Qf4 e5 35. Qe4 Rd4 1/2-1/2

[Event "Vlissingen HZ op 17th"]
[Site "Vlissingen"]
[Date "2013.08.04"]
[Round "2"]
[White "Gijsen, Stief"]
[Black "Krasenkow, Michal"]
[Result "0-1"]
[WhiteElo "2142"]
[BlackElo "2635"]
[PlyCount "70"]
[EventDate "2013.08.03"]
[EventType "swiss"]
[EventRounds "9"]
[EventCountry "NED"]
[SourceTitle "CBM 155 Extra"]
[Source "ChessBase"]
[SourceDate "2013.08.26"]
[SourceVersion "1"]
[SourceVersionDate "2013.08.26"]
[SourceQuality "1"]

1. e4 g6 2. d4 Bg7 3. Nc3 c6 4. Nf3 d6 5. Be3 Nf6 6. Qd2 Bg4 7. 0-0-0 Qa5 8. Kb1 Nbd7 9. Bh6 Bxh6 10. Qxh6 0-0-0 11. Bc4 d5 12. exd5 Bxf3 13. gxf3 cxd5 14. Bb3 e6 15. Rhe1 Nh5 16. Re3 Kb8 17. Ne2 Qc7 18. f4 Ndf6 19. f3 Ng8 20. Qg5 Ne7 21. c4 f6 22. Qg1 dxc4 23. Rc1 b5 24. a4 Qb6 25. Ba2 Nd5 26. axb5 Nxe3 27. Qxe3 Ng7 28. Rxc4 Nf5 29. Qc3 Rc8 30. Rc5 Rhd8 31. Qb4 Nxd4 32. Rxc8+ Kxc8 33. Nxd4 Qxd4 34. Bxe6+ Kb8 35. Qa3 Qd3+ 0-1

[Event "Leuven op 23rd"]
[Site "Leuven"]
[Date "2011.11.10"]
[Round "1"]
[White "Gijsen, Stief"]
[Black "Dgebuadze, Alexandre"]
[Result "1-0"]
[WhiteElo "2111"]
[BlackElo "2546"]
[PlyCount "97"]
[EventDate "2011.11.10"]
[EventType "swiss"]
[EventRounds "7"]
[EventCountry "BEL"]
[SourceTitle "CBM 145 Extra"]
[Source "ChessBase"]
[SourceDate "2012.01.03"]
[SourceVersion "1"]
[SourceVersionDate "2012.01.03"]
[SourceQuality "1"]

1. e4 e6 2. d4 d5 3. Nc3 Bb4 4. e5 Ne7 5. a3 Bxc3+ 6. bxc3 c5 7. Qg4 0-0 8. Bd3 Nbc6 9. Qh5 Ng6 10. Nf3 Qc7 11. Be3 c4 12. Bxg6 fxg6 13. Qg4 Qf7 14. Kd2 h6 15. h4 Bd7 16. Rab1 Rab8 17. Ng1 b5 18. Rh3 Ne7 19. h5 g5 20. Ne2 Nf5 21. Rf1 Qe7 22. f4 Qxa3 23. fxg5 Qe7 24. gxh6 b4 25. Bg5 bxc3+ 26. Nxc3 Qf7 27. Ne2 Kh7 28. hxg7 Qxg7 29. h6 Qg8 30. Ra1 Rb7 31. Rha3 Rf7 32. Rxa7 c3+ 33. Nxc3 Rxa7 34. Rxa7 Nxd4 35. Nxd5 exd5 36. Rxd7 Rxd7 37. Qxd7+ Kg6 38. Bf6 Nf5 39. h7 Qxh7 40. Qxh7+ Kxh7 41. Kd3 Kg6 42. g4 Nh6 43. g5 Nf5 44. e6 d4 45. Ke4 Ne3 46. Kxd4 Nxc2+ 47. Kc5 Ne3 48. e7 Kf7 49. g6+ 1-0

[Event "BEL-ch op"]
[Site "Antwerp"]
[Date "2011.07.08"]
[Round "7.5"]
[White "Gijsen, Stief"]
[Black "Docx, Stefan"]
[Result "0-1"]
[WhiteElo "2116"]
[BlackElo "2330"]
[PlyCount "80"]
[EventDate "2011.07.02"]
[EventType "swiss"]
[EventRounds "9"]
[EventCountry "BEL"]
[SourceTitle "CBM 143 Extra"]
[Source "ChessBase"]
[SourceDate "2011.08.29"]
[SourceVersion "1"]
[SourceVersionDate "2011.08.29"]
[SourceQuality "1"]

1. e4 c5 2. Nf3 e6 3. d4 cxd4 4. Nxd4 Nf6 5. Nc3 d6 6. Be3 a6 7. f3 b5 8. Qd2 Nbd7 9. g4 Nb6 10. a4 Nc4 11. Bxc4 bxc4 12. a5 Bb7 13. g5 Nd7 14. h4 Rc8 15. Qg2 Rc5 16. Ra4 Rxa5 17. Rxc4 d5 18. exd5 Ne5 19. Ra4 Rxa4 20. Nxa4 Qxd5 21. Nc3 Bb4 22. 0-0 Bxc3 23. bxc3 0-0 24. Rb1 Rc8 25. Qg3 Nc4 26. Qf2 Ba8 27. h5 g6 28. h6 Qd6 29. Ne2 a5 30. Ba7 Nd2 31. Rb6 Nxf3+ 32. Qxf3 Qxb6+ 33. Bxb6 Bxf3 34. Nd4 Rxc3 35. Bxa5 Rc5 36. Bd8 Be4 37. Be7 Rc4 38. Nb5 Rxc2 39. Nd6 Bc6 40. Bf6 Kf8 0-1

[Event "BEL-ch op"]
[Site "Westerlo"]
[Date "2010.07.08"]
[Round "6"]
[White "Duhayon, Yves"]
[Black "Gijsen, Stief"]
[Result "1-0"]
[WhiteElo "2211"]
[BlackElo "2097"]
[PlyCount "105"]
[EventDate "2010.07.03"]
[EventType "swiss"]
[EventRounds "9"]
[EventCountry "BEL"]
[SourceTitle "CBM 137 Extra"]
[Source "ChessBase"]
[SourceDate "2010.09.01"]
[SourceVersion "1"]
[SourceVersionDate "2010.09.01"]
[SourceQuality "1"]

1. d4 Nf6 2. c4 c5 3. d5 b5 4. Nd2 bxc4 5. e4 e6 6. Bxc4 exd5 7. exd5 d6 8. Ne2 Bf5 9. 0-0 Be7 10. Ng3 Bg6 11. f4 h6 12. f5 Bh7 13. Bb5+ Nbd7 14. Nc4 0-0 15. Bc6 Rb8 16. Bf4 Nb6 17. Ne3 Ne8 18. Ng4 Bg5 19. Bxg5 Qxg5 20. Ne4 Qd8 21. Qf3 h5 22. Ngf2 Nf6 23. Rad1 Nc4 24. b3 Ne5 25. Qh3 Rb4 26. Rfe1 Neg4 27. Qf3 Nxf2 28. Nxf2 Qc8 29. Re7 Bxf5 30. Rxa7 Bg4 31. Nxg4 hxg4 32. Qf1 g3 33. hxg3 Qg4 34. Qf3 Qg5 35. Re7 Ng4 36. Re4 Rxe4 37. Qxe4 Rb8 38. Re1 g6 39. Qe7 Qh5 40. Qh4 Qf5 41. Rf1 Qe4 42. Bd7 Qe3+ 43. Kh1 Kg7 44. Bxg4 f5 45. Bh3 Re8 46. Qf4 Qd3 47. Qf3 Re3 48. Qd1 Qe4 49. Qa1+ Kh7 50. Kh2 Qxd5 51. Qf6 Re5 52. Rf4 Re4 53. Rxf5 1-0

[Event "BEL-ch op"]
[Site "Westerlo"]
[Date "2010.07.06"]
[Round "4"]
[White "Geirnaert, Steven"]
[Black "Gijsen, Stief"]
[Result "0-1"]
[WhiteElo "2362"]
[BlackElo "2097"]
[PlyCount "100"]
[EventDate "2010.07.03"]
[EventType "swiss"]
[EventRounds "9"]
[EventCountry "BEL"]
[SourceTitle "CBM 137 Extra"]
[Source "ChessBase"]
[SourceDate "2010.09.01"]
[SourceVersion "1"]
[SourceVersionDate "2010.09.01"]
[SourceQuality "1"]

1. e4 e5 2. Nf3 Nc6 3. Bc4 Bc5 4. c3 Nf6 5. d4 exd4 6. cxd4 Bb4+ 7. Nc3 Nxe4 8. 0-0 Bxc3 9. d5 Bf6 10. Re1 Ne7 11. Rxe4 d6 12. Bg5 Bxg5 13. Nxg5 h6 14. Qe2 hxg5 15. Re1 Be6 16. dxe6 f6 17. Re3 Kf8 18. Rh3 Rxh3 19. gxh3 g6 20. Qf3 Kg7 21. Qxb7 Qb8 22. Qe4 c6 23. Qd4 Qb4 24. Qc3 Qxc3 25. bxc3 d5 26. Bb3 f5 27. c4 Kf6 28. cxd5 cxd5 29. Ba4 Rc8 30. Bd7 Rc3 31. a4 f4 32. f3 Rxf3 33. Rb1 Nf5 34. Rb8 Ne3 35. Rf8+ Ke5 36. Bb5 Kxe6 37. Re8+ Kd6 38. Rg8 Rxh3 39. Rxg6+ Ke5 40. Rxg5+ Ke4 41. Rg7 a5 42. Ra7 Nc4 43. Re7+ Kd4 44. Rf7 Rh4 45. Rf8 Nd2 46. Be2 Ke3 47. Re8+ Ne4 48. Bd1 f3 49. h3 f2+ 50. Kg2 Rf4 0-1

[Event "BEL-ch op"]
[Site "Westerlo"]
[Date "2010.07.04"]
[Round "2"]
[White "Gijsen, Stief"]
[Black "Glod, Philippe"]
[Result "1-0"]
[WhiteElo "2097"]
[BlackElo "2182"]
[PlyCount "119"]
[EventDate "2010.07.03"]
[EventType "swiss"]
[EventRounds "9"]
[EventCountry "BEL"]
[SourceTitle "CBM 137 Extra"]
[Source "ChessBase"]
[SourceDate "2010.09.01"]
[SourceVersion "1"]
[SourceVersionDate "2010.09.01"]
[SourceQuality "1"]

1. e4 e6 2. d4 d5 3. Nc3 Bb4 4. e5 Ne7 5. a3 Bxc3+ 6. bxc3 b6 7. Qg4 Ng6 8. h4 h5 9. Qd1 Ba6 10. Bxa6 Nxa6 11. Nf3 Qd7 12. a4 Nb8 13. Ng5 Ne7 14. g4 hxg4 15. Qxg4 Nbc6 16. Ba3 Nf5 17. h5 0-0-0 18. Qe2 Kb7 19. Nf3 Na5 20. Bb4 Nc4 21. a5 Rh6 22. axb6 axb6 23. Nh4 Nxh4 24. Rxh4 Rdh8 25. Qf3 f6 26. exf6 gxf6 27. Ke2 Qf7 28. Rah1 R8h7 29. R4h3 Rh8 30. Rh4 Qh7 31. Qd3 Qxd3+ 32. cxd3 Nd6 33. Bxd6 cxd6 34. Rf4 f5 35. Rfh4 Rc8 36. Kd2 Rg8 37. Ke3 e5 38. c4 dxc4 39. dxc4 Rc8 40. dxe5 dxe5 41. Rg1 Kc7 42. Rg5 Rf8 43. f4 e4 44. Rg6 Rfh8 45. Rg5 Rf6 46. h6 Kd6 47. h7 Rf7 48. Rhh5 Ke6 49. Rg6+ Rf6 50. Rhh6 Rxg6 51. Rxg6+ Kd7 52. Rxb6 Kc7 53. Rh6 Kd7 54. c5 Kc7 55. Rh5 Kc6 56. Rxf5 Rxh7 57. Kxe4 Re7+ 58. Re5 Rf7 59. f5 Kd7 60. Kf4 1-0